000 00304nam a22001217a 4500
082 _a338bBEY
100 _aL A Msambichaka
245 _aBehond structure Adjustment program in Tanzania
260 _aTanzania
_bUniversty of Dare es salaam
300 _a319
_bill,cm23
700 _aG D Mjema
942 _cBK
999 _c17130
_d17130